| 000 | 00899cam a22002893a 4500 | ||
|---|---|---|---|
| 001 | 1719 | ||
| 003 | PGUSA | ||
| 005 | 20140828083005.0 | ||
| 008 | 990401s1999||||xxu|||||s|||||000 p eng d | ||
| 040 |
_aPGUSA _beng |
||
| 042 | _adc | ||
| 050 | 4 | _aPR | |
| 100 | 1 |
_aChesterton, G. K. _q(Gilbert Keith), _d1874-1936 |
|
| 245 | 1 | 4 |
_aThe Ballad of the White Horse _h[electronic resource] / _cG. K. Chesterton |
| 260 |
_bProject Gutenberg, _c1999 |
||
| 506 | _aPublic domain in the USA. | ||
| 516 | _aElectronic text | ||
| 653 | _aGreat Britain -- History -- Alfred, 871-899 -- Poetry | ||
| 653 | _aChristian poetry | ||
| 653 | _aHistorical poetry | ||
| 653 | _aEpic poetry | ||
| 653 | _aAlfred, King of England, 849-899 -- Poetry | ||
| 653 | _aWhite Horse, Vale of (England) -- Poetry | ||
| 830 | 0 |
_aProject Gutenberg _v1719 |
|
| 856 | 4 | 0 | _uhttp://www.gutenberg.org/ebooks/1719 |
| 942 | _cEB | ||
| 999 |
_c231065 _d231065 |
||